| 000 | 01126nam a22003257a 4500 | ||
|---|---|---|---|
| 003 | CHAP | ||
| 005 | 20220329141029.0 | ||
| 008 | 971013s1996 r 00010 d | ||
| 010 | _a61555 | ||
| 011 | _a62527 | ||
| 035 | _a66701 | ||
| 040 | _cCHAP | ||
| 090 | _aTesis | ||
| 100 | 0 | 0 |
_aRodríguez Peláez, Laura. _998774 |
| 245 | _aDiseño de un medidor electrónico de combustible para tractores agrícolas | ||
| 260 |
_aChapingo, Méx. : _bEl autor, _c1996 |
||
| 300 |
_a102 h. _b: gráfs. ; ilus. ; anexos |
||
| 502 | _aTesis (Ing. Mecánico Agrícola) -- UACH. Departamento de Ingeniería Mecánica Agrícola | ||
| 590 |
_aALEPH _b10 _c20130110 _lUCH01 _h1343 |
||
| 590 |
_aBATCH-UPD _b10 _c20130110 _lUCH01 _h0427 |
||
| 590 |
_aBATCH-UPD _b10 _c20130410 _lUCH01 _h0102 |
||
| 590 |
_aBATCH-UPD _b10 _c20130914 _lUCH01 _h1757 |
||
| 590 |
_aCONVERSION _b10 _c20130109 _lUCH01 _h1333 |
||
| 650 | 1 | 4 |
_aMaquinaria agrícola _xDiseño. _971168 |
| 650 | 1 | 4 |
_aTractores. _9114574 |
| 901 | _aBK | ||
| 942 | _cFOLL | ||
| 949 |
_bBC _cTES _d-151925 _eTS1 _h30602 _i66701 _si |
||
| 949 |
_bBC _cTES _d33724000624995 _eTS2 _fc.2 _h30603 _i66701 _si |
||
| 999 |
_c61555 _d61555 |
||